|
|
|
|
| LEADER |
00000nam a2200000 4500 |
| 008 |
150811b2005 cr ||||| |||| 00| | spa d |
| 090 |
|
|
|a 06.06.02 1284
|
| 100 |
1 |
|
|9 774
|a Rodríguez Soto, Sonia
|
| 245 |
1 |
0 |
|a Sin fronteras, programa de capacitación para profesores de matemáticas en la enseñanza secundaria /
|c Sonia Rodríguez Soto
|
| 260 |
|
|
|a San José, Costa Rica :
|b INIE,
|c 2005
|
| 300 |
|
|
|a 1 volumen (sin paginar)
|
| 500 |
|
|
|a La Unidad posee Informe parcial 2005 y 2006. Informe anual 2008 Poryecto de Acción Social ED-1596
|
| 650 |
1 |
4 |
|9 9
|a FORMACIÓN DE DOCENTES
|
| 650 |
1 |
4 |
|9 729
|a CAPACITACIÓN
|
| 650 |
1 |
4 |
|9 482
|a MATEMÁTICAS
|
| 650 |
1 |
4 |
|9 456
|a EDUCACIÓN SECUNDARIA
|
| 942 |
|
|
|i 002043,001290,002347
|h 06.06.02 1284
|2 z
|c 04
|
| 999 |
|
|
|c 2800
|d 2800
|